000 00618nam a22002297a 4500
003 UA-OsUOA
001 78911
007 ta
008 20111024b un ||||| |||| 00| 0 ukr d
100 _aШамякин И.
090 _a821.161.2
_bШ19
942 _cBK
040 _aUA-OsUOA
_brus
_cUA-OsUOA
_dUA-OsUOA
245 _aАтланты и кариатиды
_bромани
300 _a624 с.
955 _a3
041 _arus
080 _a821.161.2
260 _aМ.
_bМолодая гвардия
_c1987
650 7 _a82 Література. Літературознавство
_2UDC
999 _c365230
_d365230